RC Celta de Vigo Squad 2012-2013 - Statistics

General Stats
  • This quiz has been taken 12 times
  • The average score is 12 of 28
Answer Stats
# Position Nation Player % Correct
10 FW Spain Iago Aspas
86%
23 MF Denmark Michael Krohn-Dehli
86%
18 FW South Korea Chu-young Park
71%
19 FW Chile Fabián Orellana
71%
2 DF Spain Hugo Mallo
71%
1 GK Spain Sergio Álvarez
71%
- Coach Spain Abel Resino
57%
4 MF Spain Borja Oubiña
57%
12 DF Argentina Gustavo Cabral
57%
8 MF Spain Álex López
43%
5 DF Venezuela Andrés Túñez
43%
24 MF Argentina Augusto Fernández
43%
11 DF Croatia Danijel Pranjić
43%
13 GK Spain Javi Varas
43%
9 FW Spain Mario Bermejo
43%
25 MF Malaysia Natxo Insa
43%
- Coach Spain Paco Herrera
43%
15 DF Norway Vadim Demidov
43%
6 MF Spain Jonathan Vila
29%
28 DF Spain Jonny Otto
29%
22 MF Spain Quique de Lucas
29%
3 DF Spain Roberto Lago
29%
14 MF Spain Cristian Bustos
14%
7 FW Spain Dani Abalo
14%
17 FW Spain Joan Tomás
14%
20 FW Spain Toni Dovale
14%
16 DF Spain Carlos Bellvís
0%
21 DF Spain Samuel Llorca
0%
No matching quizzes found
Score Distribution
Percent of People with Each Score
Percentile by Number Answered
Your Score History
You have not taken this quiz